Statistiques concernant Les Papes de l'Eglise Catholique

Cliquez ici pour prendre le quiz!

Statistiques générales

  • Ce quiz a été pris 1 598 fois
  • Le résultat moyen est 158 sur 266

Statistiques - réponses

DatesPapes% Correct
Depuis le 13/03/13François
98%
13/08/523 - 18/05/528Jean Ier
98%
02/01/533 - 08/05/535Jean II
98%
17/07/561 - 13/07/574Jean III
98%
24/12/640 - 12/10/642Jean IV
98%
01/898 - 26/03/900Jean IX
98%
05/685 - 02/08/686Jean V
98%
30/10/701 - 11/01/705Jean VI
98%
01/03/705 - 18/10/707Jean VII
98%
14/12/872 - 16/12/882Jean VIII
98%
04/914 - 05/928Jean X
98%
20/03/931 - 01/936Jean XI
98%
16/12/955 - 14/05/964Jean XII
98%
01/10/965 - 06/09/972Jean XIII
98%
10/12/983 - 20/08/984Jean XIV
98%
15/07/1024 - 06/11/1032Jean XIX
98%
06/08/985 - 01/01/996Jean XV
98%
16/05/1003 - 06/11/1003Jean XVII
98%
25/12/1003 - 18/07/1009Jean XVIII
98%
08/09/1276 - 20/05/1277Jean XXI
98%
07/08/1316 - 04/12/1334Jean XXII
98%
28/10/1958 - 03/06/1963Jean XXIII
98%
140/142 - 155Pie Ier
98%
27/08/1458 - 14/08/1464Pie II
98%
22/09/1503 - 18/10/1503Pie III
98%
25/12/1559 - 09/12/1565Pie IV
98%
16/06/1846 - 07/02/1878Pie IX
98%
07/01/1566 - 01/05/1572Pie V
98%
15/02/1775 - 29/08/1799Pie VI
98%
14/03/1800 - 20/08/1823Pie VII
98%
31/03/1829 - 01/12/1830Pie VIII
98%
04/08/1903 - 20/08/1914Pie X
98%
06/02/1922 - 10/02/1939Pie XI
98%
02/03/1939 - 09/10/1958Pie XII
98%
26/08/1978 - 28/09/1978Jean-Paul Ier
95%
16/10/1978 - 02/04/2005Jean-Paul II
95%
02/06/575 - 30/07/579Benoît Ier
93%
26/06/684 - 08/05/685Benoît II
93%
07/855 - 17/04/858Benoît III
93%
01/02/900 - 07/903Benoît IV
93%
22/10/1032 - 09/1044Benoît IX
93%
10/03/1045 - 01/05/1045Benoît IX (2)
93%
08/11/1047 - 16/07/1048Benoît IX (3)
93%
22/05/964 - 23/06/964Benoît V
93%
19/01/973 - 06/974Benoît VI
93%
10/974 - 10/07/983Benoît VII
93%
21/05/1012 - 09/04/1024Benoît VIII
93%
22/10/1303 - 07/07/1304Benoît XI
93%
20/12/1334 - 25/04/1342Benoît XII
93%
04/05/1724 - 02/05/1730Benoît XIII
93%
17/08/1740 - 03/05/1758Benoît XIV
93%
03/09/1914 - 22/01/1922Benoît XV
93%
19/04/2005 - 28/02/2013Benoît XVI
93%
29/05/757 - 28/06/767Paul Ier
92%
30/08/1464 - 26/07/1471Paul II
92%
13/10/1534 - 10/11/1549Paul III
92%
23/05/1555 - 18/08/1559Paul IV
92%
16/05/1605 - 28/01/1621Paul V
92%
21/06/1963 - 06/08/1978Paul VI
92%
33 - 64/67Pierre
92%
222/223 - 230Urbain Ier
73%
12/03/1088 - 29/07/1099Urbain II
73%
25/11/1185 - 19/10/1187Urbain III
73%
29/08/1261 - 02/10/1264Urbain IV
73%
28/09/1362 - 08/12/1370Urbain V
73%
08/04/1378 - 15/10/1389Urbain VI
73%
15/09/1590 - 27/09/1590Urbain VII
73%
06/08/1623 - 29/07/1644Urbain VIII
73%
29/09/440 - 10/11/461Léon Ier
71%
17/08/682 - 28/06/683Léon II
71%
26/12/795 - 12/06/816Léon III
71%
27/01/847 - 17/07/855Léon IV
71%
12/02/1049 - 19/04/1054Léon IX
71%
07/903 - 09/903Léon V
71%
05/928 - 12/928Léon VI
71%
03/01/936 - 13/07/939Léon VII
71%
06/12/963 - 01/03/965Léon VIII
71%
09/03/1513 - 01/12/1521Léon X
71%
01/04/1605 - 27/04/1605Léon XI
71%
28/09/1823 - 10/02/1829Léon XII
71%
20/02/1878 - 20/07/1903Léon XIII
71%
88/92 - 97Clément Ier
70%
25/12/1046 - 09/10/1047Clément II
70%
19/12/1187 - 25 ou 27/03/1191Clément III
70%
05/02/1265 - 29/11/1268Clément IV
70%
20/06/1667 - 09/12/1669Clément IX
70%
05/06/1305 - 20/04/1314Clément V
70%
07/05/1342 - 06/12/1352Clément VI
70%
19/11/1523 - 25/09/1534Clément VII
70%
30/01/1592 - 03/03/1605Clément VIII
70%
29/04/1670 - 22/07/1676Clément X
70%
23/11/1700 - 19/03/1721Clément XI
70%
12/07/1730 - 06/02/1740Clément XII
70%
06/07/1758 - 02/02/1769Clément XIII
70%
19/05/1769 - 22/09/1774Clément XIV
70%
22/12/401 - 12/03/417Innocent Ier
67%
23/02/1130 - 24/09/1143Innocent II
67%
08/01/1198 - 16/07/1216Innocent III
67%
25/06/1243 - 07/12/1254Innocent IV
67%
29/10/1591 - 30/12/1591Innocent IX
67%
21/01/1276 - 22/06/1276Innocent V
67%
18/12/1352 - 12/09/1362Innocent VI
67%
17/10/1404 - 06/11/1406Innocent VII
67%
29/08/1484 - 25/07/1492Innocent VIII
67%
15/09/1644 - 07/01/1655Innocent X
67%
21/09/1676 - 12/08/1689Innocent XI
67%
12/07/1691 - 27/09/1700Innocent XII
67%
08/05/1721 - 07/03/1724Innocent XIII
67%
105/107 - 115/116Alexandre Ier
66%
30/09/1061 - 21/04/1073Alexandre II
66%
20/09/1159 - 30/08/1181Alexandre III
66%
12/12/1154 - 25/05/1161Alexandre IV
66%
11/08/1492 - 18/08/1503Alexandre VI
66%
07/04/1655 - 22/05/1667Alexandre VII
66%
06/10/1689 - 01/02/1691Alexandre VIII
66%
03/09/590 - 12/03/604Grégoire Ier
66%
19/05/715 - 11/02/731Grégoire II
66%
13/03/731 - 28/11/741Grégoire III
66%
20/12/827 - 25/01/844Grégoire IV
66%
19/03/1227 - 22/08/1241Grégoire IX
66%
03/05/996 - 18/02/999Grégoire V
66%
01/05/1045 - 24/12/1046Grégoire VI
66%
30/06/1073 - 25/05/1085Grégoire VII
66%
21/10/1187 - 17/12/1187Grégoire VIII
66%
01/09/1271 - 10/01/1276Grégoire X
66%
30/12/1370 - 27/03/1378Grégoire XI
66%
30/11/1406 - 04/07/1415Grégoire XII
66%
13/05/1572 - 10/04/1585Grégoire XIII
66%
05/12/1590 - 16/10/1591Grégoire XIV
66%
09/02/1621 - 08/07/1623Grégoire XV
66%
02/02/1831 - 01/06/1846Grégoire XVI
66%
18/01/336 - 07/10/336Marc
66%
06/02/337 - 12/04/352Jules Ier
63%
01/11/1503 - 21/02/1513Jules II
63%
07/02/1550 - 23/03/1555Jules III
63%
115/116 - 125Sixte Ier
53%
30 ou 31/08/257 - 06/08/258Sixte II
53%
31/07/432 - 03 ou 04/440Sixte III
53%
09/08/1471 - 12/08/1484Sixte IV
53%
24/04/1585 - 27/08/1590Sixte V
53%
12/05/254 - 02/08/257Etienne Ier
52%
26/03/752 - 25/04/757Etienne II
52%
01/08/767 - 24/01/772Etienne III
52%
12/06/816 - 24/01/817Etienne IV
52%
03/08/1057 - 29/03/1058Etienne IX
52%
09/885 - 14/09/891Etienne V
52%
05/896 - 08/897Etienne VI
52%
03/02/929 - 15/03/931Etienne VII
52%
14/07/939 - 10/942Etienne VIII
52%
28 ou 29/12/418 - 4/09/422Boniface Ier
51%
22/09/530 - 17/10/532Boniface II
51%
19/02/607 - 12/11/607Boniface III
51%
25/09/608 - 25/05/615Boniface IV
51%
02/11/1389 - 01/10/1404Boniface IX
51%
23/12/619 - 25/10/625Boniface V
51%
11/04/896 - 26/04/896Boniface VI
51%
24/12/1294 - 11/10/1303Boniface VIII
51%
24/04/858 - 13/11/867Nicolas Ier
51%
24/01/1059 - 27/07/1061Nicolas II
51%
25/11/1277 - 22/08/1280Nicolas III
51%
22/02/1288 - 04/04/1292Nicolas IV
51%
06/03/1447 - 25/03/1455Nicolas V
51%
308 - 309Marcel Ier
49%
09/04/1555 - 30/04/1555Marcel II
49%
05/07/649 - 653Martin Ier
48%
22/02/1281 - 18/03/1285Martin IV
48%
11/11/1417 - 20/02/1431Martin V
48%
01/02/772 - 25/12/795Adrien Ier
47%
14/12/867 - 14/12/872Adrien II
47%
17/05/884 - 09/885Adrien III
47%
05/12/1154 - 01/09/1159Adrien IV
47%
11/07/1276 - 18/08/1276Adrien V
47%
09/01/1522 - 14/09/1523Adrien VI
47%
64/67 - 76/79Lin
46%
217 - 222/223Calixte Ier
45%
09/02/1119 - 13/12/1124Calixte II
45%
08/04/1455 - 06/08/1458Calixte III
45%
189 - 198/199Victor Ier
45%
16/04/1055 - 28/07/1057Victor II
45%
24/05/1086 - 16/09/1087Victor III
45%
31/01/314 - 31/12/335Sylvestre Ier
44%
09/04/999 - 12/05/1003Sylvestre II
44%
20/01/1045 - 10/03/1045Sylvestre III
44%
25/03/708 - 09/04/715Constantin
41%
76/79 - 88/92Anaclet
40%
25/01/817 - 11/02/824Pascal Ier
40%
14/08/1099 - 21/01/1118Pascal II
40%
22/07/259 - 26/12/268Denys
39%
10/09/422 - 27/07/432Célestin Ier
38%
03/10/1143 - 08/03/1143Célestin II
38%
30/03/1191 - 08/01/1198Célestin III
38%
25/10/1241 - 10/11/1241Célestin IV
38%
05/07/1294 - 13/12/1294Célestin V
38%
27/10/625 - 12/10/638Honorius Ier
38%
21/12/1124 - 13/02/1130Honorius II
38%
18/07/1216 - 18/03/1227Honorius III
38%
02/04/1285 - 03/04/1287Honorius IV
38%
15/12/687 - 08/09/701Serge Ier
38%
01/844 - 27/01/847Serge II
38%
29/01/904 - 14/04/911Serge III
38%
31/07/1009 - 12/05/1012Serge IV
38%
27/11/399 - 19/12/401Anastase Ier
37%
24/11/496 - 19/11/498Anastase II
37%
04/911 - 06/913Anastase III
37%
12/07/1153 - 03/12/1154Anastase IV
37%
10/08/654 - 02/06/657Eugène Ier
37%
06/06/824 - 27/08/827Eugène II
37%
18/02/1145 - 08/07/1153Eugène III
37%
03/03/1431 - 23/02/1447Eugene IV
37%
08/897 - 11/897Romain
37%
24/11/642 - 14/05/649Théodore Ier
37%
12/897 (vingt jours)Théodore II
37%
05/01/269 - 30/12/274Félix Ier
36%
13/03/483 - 01/03/492Félix III
36%
13/07/526 - 22/09/530Félix IV
36%
25/06/253 - 05/03/254Lucius Ier
35%
12/03/1144 - 15/02/1145Lucius II
35%
01/09/1181 - 25/11/1185Lucius III
35%
155 - 166Anicet
33%
30/06/296 - 01/04/304Marcellin
33%
16/12/882 - 15/05/884Marin Ier
33%
30/10/942 - 05/946Marin II
33%
01/09/827 - 10/10/827Valentin
33%
17/12/283 - 22/04/296Caïus
32%
10/01/236 - 20/01/250Fabien
32%
01/03/492 - 21/11/496Gélase Ier
32%
10/03/1118 - 29/01/1119Gélase II
32%
97 - 105/107Evariste
31%
309 - 310Eusèbe
30%
10/12/741 - 22/03/752Zacharie
30%
13/05/535 - 22/04/536Agapet Ier
28%
10/05/946 - 08/11/955Agapet II
28%
06 ou 11/03/251 - 06/253Corneille
28%
16/04/556 - 4/03/561Pélage Ier
28%
26/11/579 - 07/02/590Pélage II
28%
125 - 136/138Télesphore
28%
07/07/913 - 05/02/914Landon
27%
08/06/536 - 03/537Silvère
27%
166 - 174/175Sôter
27%
174/175 - 189Eleuthère
26%
19/09/891 - 04/04/896Formose
26%
19/11/461 - 29/02/468Hilaire
26%
136/138 - 140/142Hygin
26%
199 - 217Zéphyrin
26%
21/10/686 - 21/09/687Conon
25%
17/05/352 - 24/09/366Libère
25%
21/07/230 - 28/09/235Pontien
25%
03/03/468 - 10/03/483Simplice
25%
18/03/417 - 26/12/418Zosime
25%
01/10/366 - 11/12/384Damasse Ier
24%
17/07/1048 - 09/08/1048Damasse II
24%
02/11/676 - 06/04/678Donus
24%
29/03/537 - 07/06/555Vigile
24%
19/10/615 - 08/11/618Adéodat Ier
23%
11/04/672 - 17/06/676Adéodat II
23%
26/06/678 - 10/01/681Agathon
23%
21/11/235 - 03/01/236Antère
23%
04/01/275 - 07/12/283Eutychien
23%
20/07/514 - 06/08/523Hormisdas
23%
02/07/311 - 10/01/314Miltiade
23%
28/05/640 - 2/08/640Séverin
23%
30/07/657 - 27/01/672Vitalien
23%
13/09/604 - 22/02/606Sabinien
21%
11/12/384 - 26/11/399Sirice
21%
15/01/708 - 04/02/708Sisinnius
21%
22/11/498 - 19/07/514Symmaque
21%

Distribution des résultats

Percentile par nombre de réponses

% des personnes avec chaque résultat

Votre développement - résultats

Vous n’avez pas pris ce quiz